000
00332nam a2200133Ia 4500
008
150201s2011 xx 000 0 und d
082
_a
611
_b
A11T
100
_a
TORTORA, GERARD J.
245
_a
PRINCIPLESOF ANATOMY & PHYSIOLOGY VOL.-2
260
_b
WILEY
_c
2011
300
_a
1-1222
650
_a
HUMAN ANATOMY
942
_2
ddc
_c
BK
_0
9
999
_c
1770
_d
1770